00375nam a22000977a 450000500170000010000730001724501080009026000270019830000090022570000430023420260629134434.0 aAgha Aamir Razaa21MEEE01aSupervisor - Prof Dr Kishan Chand Mukwana aMaping of Nitrate and Nitrites Pollutants in Drinking Water in District Shaheed Benazirabad (Thesis ME) aNawabshahbQUESTc2025 a82p. aDepartment of Environment Engineering